000 nam a22 a 4500
999 _c2024
_d2024
003 AKMAL
005 20170515090713.0
008 170515s1990 xxk 00 eng d
020 _a0631163344
040 _aAKMAL
_cAKMAL
043 _ae-uk---
043 _an-us---
082 0 4 _a354.4107/5 POL
090 2 _a354.41075
_bPOL
100 1 _aPollitt, Christopher
_94194
245 1 0 _aManagerialism and the public services :
_bthe Anglo-American experience /
_cChristopher Pollitt
260 _aOxford :
_bBasil Blackwell,
_c1990
300 _aviii, 214p. ;
_c24cm.
504 _aIncludes bibliographical references.
650 _aAdministrative agencies
_xManagement
_zGreat Britain
_94195
650 _aGovernment productivity
_zGreat Britain
_94196
650 _aAdministrative agencies
_xManagement
_zUnited States
_94197
650 _aGovernment productivity
_zUnited States
_94198
650 _aPublic administration
_94050
942 _2ddc
_cBOOK